| 000 | 01001nac a22003017a 4500 | ||
|---|---|---|---|
| 001 | BR6700580 | ||
| 003 | BR-BrBNA | ||
| 005 | 20240105113325.0 | ||
| 008 | 230509b bl.|||m| |||| 00| 0 por d | ||
| 040 |
_aBR-BrBNA _bpor _cBiblioteca Nacional de Agricultura |
||
| 072 | _aE50 | ||
| 090 | _aE50 BR6700580 | ||
| 100 | 1 | _aGuimaraes, C.V.L. | |
| 100 | 1 | _aMinioni, E. | |
| 100 | 1 | _aBarros, J. de S. | |
| 100 | 1 | _aCintra, L. do V. | |
| 100 | 1 | _aSimonini, M.L. | |
| 100 | 1 | _aEspirito Santo, A. do | |
| 100 | 1 | _aTaranto, B. | |
| 110 | 1 |
_aUniversidade Rural do Estado de Minas Gerais, Vicosa (Brasil). Diretoria Geral de Extensao _911283 |
|
| 245 | 1 | _aEstudo sobre o periodo barroco | |
| 260 | 3 |
_aVicosa, MG (Brasil): _c1967. |
|
| 300 | _a21 p. | ||
| 490 |
_aSerie Divulgacao. Boletim - Universidade Rural do Estado de Minas Gerais. Diretoria Geral de Extensao (Brazil) _vno. 17 _x |
||
| 650 | _aSOCIOLOGIA RURAL | ||
| 909 |
_a202312 _bLúcia Elande _c55 _dLúcia Elande |
||
| 942 |
_2AGRIS _n0 _cMS |
||
| 999 |
_c263096 _d263096 |
||